| 000 | 00440nam a2200181Ia 4500 | ||
|---|---|---|---|
| 003 | GCL | ||
| 008 | 140319s9999 xx 000 0 eng d | ||
| 040 |
_aGCL / _cGCL |
||
| 082 | 0 | 4 |
_a750.18 _bL F |
| 100 | 1 | _aL HATE, ANDRE | |
| 245 | 1 | 0 |
_aFIGURE PAINTING / _cL HATE, ANDRE |
| 700 | 1 | _aSTRACHAN, W.J. | |
| 260 |
_a[S.N] : _bA.ZWEMMER ، _c1953 |
||
| 300 | _a168 P | ||
| 650 | 0 | 4 | _aPAINTING |
| 650 | 0 | 4 | _aFIGURE PAINTING |
| 942 |
_2ddc _cBK |
||
| 999 |
_c19492 _d19492 |
||